| 000 | 00621nam a2200229 a 4500 | ||
|---|---|---|---|
| 008 | |||
| 020 | _a0435631055 (pbk.) | ||
| 049 | _aMAIN | ||
| 090 |
_aQD33 _bCHE |
||
| 245 | 1 | 0 |
_aChemical ideas / _cGeorge Burton ... [et al.] |
| 260 |
_aMelbourne : _bHeinemann, _c1994. |
||
| 300 |
_a298 p. : _bill. ; _c27 cm. |
||
| 440 | _aSalters advanced chemistry. | ||
| 500 | _aIncludes index. | ||
| 650 | _aChemistry. | ||
| 700 | _aBurton, George. | ||
| 907 |
_a.b10119498 _b14-03-14 _c26-04-04 |
||
| 003 | |||
| 005 | 20230123133920.0 | ||
| 040 | _cNUST | ||
| 942 |
_cBOOKS _kQD33 _mCHE |
||
| 999 |
_c156821 _d156821 |
||